Обобщённые структурно-параметрические модели и параметрические структурные схемы пьезодвигателей наноперемещений; Приборы и системы. Управление, контроль, диагностика; № 3

Bibliographische Detailangaben
Parent link:Приборы и системы. Управление, контроль, диагностика: научно-технический и производственный журнал.— , 2000-
№ 3.— 2003.— С. 32-35
1. Verfasser: Афонин С. М.
Sprache:Russisch
Veröffentlicht: 2003
Schriftenreihe:Приборы и системы автоматизации
Schlagworte:
Format: Buchkapitel
KOHA link:https://koha.lib.tpu.ru/cgi-bin/koha/opac-detail.pl?biblionumber=385157

MARC

LEADER 00000naa2a2200000 4500
001 385157
005 20231101063334.0
035 |a (RuTPU)RU\TPU\prd\12728 
090 |a 385157 
100 |a 20030417a2003 k y0rusy50 ca 
101 0 |a rus 
102 |a RU 
200 1 |a Обобщённые структурно-параметрические модели и параметрические структурные схемы пьезодвигателей наноперемещений  |f С. М. Афонин 
225 1 |a Приборы и системы автоматизации 
320 |a Библиогр.: 4 назв. 
461 1 |0 (RuTPU)RU\TPU\prd\1687  |t Приборы и системы. Управление, контроль, диагностика  |o научно-технический и производственный журнал  |d 2000- 
463 1 |0 (RuTPU)RU\TPU\prd\12666  |t № 3  |v С. 32-35  |d 2003 
610 1 |a параметрические модели 
610 1 |a структурные схемы 
610 1 |a пьезодвигатели 
610 1 |a наноперемещения 
610 1 |a нанотехнологии 
700 1 |a Афонин  |b С. М. 
801 1 |a RU  |b 63413507  |c 20030417  |g PSBO 
801 2 |a RU  |b 63413507  |c 20121008  |g RCR 
942 |c BK